01357nam a2200205 a 450000100100000000500170001000800410002704000250006808200250009324500530011825000110017126000320018230000170021450000280023150507160025991000370097504900090101295201130102199900170113400002365120200930022354.0101216s1963 sp r 000 f spa d aDO-SdBNPbspacBNPHU a808.831bA634m, 196300aAntología de las mejores novelas policíacas. a6a ed. aBarcelona :bAcervo,c1963. av. ;c21 cm. aLa biblioteca posee v.20 tEl profanador de tumbas /rR. L. StevensontEl cazador cazado /rW. Wilkie CollinstEl jucio de Demetrio Karamazov /rF. DostoievskitLas vacaciones de Mr. Ledbetter /rH G WellstUn crimen excepcional /rJean RichepintLa estrella de plata /rT. BurketEl fugitivo y los clérigos /rJ. S. FletchertEl forastero amable /rGeoffrey HouseholdtEl enigma del fantasma en coche /rL. Castellanit<<...era un bendito>> /rGeorge JosephtEl caso de la florista asustada /rBevis WintertKachudas y el sombrerero /rG. SimenontEl cepo de tío /rBurnhan CartertEl caso <> /rEllery QuenntMom derrama una lágrima /rJames YaffetUna soga para el barón /rAnthony MortontCoartada perfecta /rO. Roy Cohen aValidado. Control de calidad MFF aBNGR 001054708MOaGRbGRcHDd2013-08-15iLF1l0ov.2p23651-10r2020-06-25w2020-06-25y4ZPréstamo en sala c23147d23147